Music Quiz

Random Music or Kpop Quiz

Do you know Snuper? Quiz Stats

Quiz not verified by Sporcle

Also try: Babelfish Beatles
Challenge
Share
Tweet
Embed
Score 0/39 Timer 10:00
0 Plays Today
% Correct
Taewoong
69.8%
Sebin
68.6%
Sangho
66.7%
Taewoong
64%
False
62.8%
False
60.5%
Suhyun
57%
False
57%
Sangil
55.8%
True
53.5%
Shall We
52.3%
True
52.3%
Woosung
51.2%
Sangho
50%
Rain of Mind
47.7%
Taewoong
45.3%
Woosung
45.3%
False
45.3%
Suhyun
44.2%
False
43%
% Correct
Sangho
41.9%
Platonic Love
41.9%
Rain of Mind
40.7%
True
39.5%
Sangil
39.5%
Suhyun
37.2%
Sangho
37.2%
Compass
36%
False
34.9%
Suhyun
34.9%
Suhyun
34.8%
Sangil
32.6%
Sebin
32.6%
Sangho
30.2%
Sebin
29.1%
Taewoong
26.7%
Sangho
25.6%
Sangho
25.6%
Sebin
24.4%

You're not logged in!

Compare scores with friends on all Sporcle quizzes.
Sign Up with Email
OR
Log In

You Might Also Like...

Show Comments

Extras

Top Quizzes Today


Score Distribution

Your Account Isn't Verified!

In order to create a playlist on Sporcle, you need to verify the email address you used during registration. Go to your Sporcle Settings to finish the process.

Report this User

Report this user for behavior that violates our Community Guidelines.

Details: